000
00282nam a2200121Ia 4500
008
250224s9999 xx 000 0 und d
020
_a
9781846166945
082
_a
JF COW
100
_a
Cowell Cressida
245
0
_a
Emily Brown and The Thing
942
_c
JF
999
_c
476156
_d
476156